| 000 | 00663nam a22002057a 4500 | ||
|---|---|---|---|
| 999 |
_c15469 _d15469 |
||
| 003 | AR-CdUCM | ||
| 008 | 190427b ||||| |||| 00| 0 spa d | ||
| 040 |
_aMUNICIPALIDAD PROVINCIAL DEL CUSCO _cBIBLIOTECA MUNICIPAL DEL CUSCO |
||
| 082 |
_aEP / 648 / _bC29 |
||
| 100 |
_aCardoso, Onelio Jorge _927485 |
||
| 245 | _aCaballito Blanco / | ||
| 260 |
_aHabana : _bGente Nueva, |
||
| 300 |
_a49 paginas ; _bIlustraciones, graficos, dibujos, _c25 cm. |
||
| 500 | _a6 cuentos educativos para niƱos Dedicatoria a Luis NIeto | ||
| 650 |
_aCuentos _9217 |
||
| 650 |
_aHistorias _92725 |
||
| 650 |
_aliteratura _9212 |
||
| 942 |
_2ddc _cLIBROS |
||
| 945 |
_apjha _d2019-04-27 |
||